| 000 | 02156cam a2200421 a 4500 | ||
|---|---|---|---|
| 001 | 14317372 | ||
| 003 | OSt | ||
| 005 | 20140310182750.0 | ||
| 008 | 060327s2007 njua bf 001 0 eng | ||
| 010 | _a 2006010268 | ||
| 020 | _a0471699403 (cloth) | ||
| 020 | _a9780471699408 (cloth) | ||
| 035 | _a(OCoLC)ocm65978493 | ||
| 035 | _a(OCoLC)65978493 | ||
| 040 |
_aDLC _cDLC _dBAKER _dC#P _dBTCTA _dYDXCP _dDLC |
||
| 050 |
_aAS 6 _b.K795 2007 |
||
| 100 | 1 |
_aKrugman, Carol. _d1948- |
|
| 245 | 1 | 0 |
_aGlobal meetings and exhibitions / _cCarol Krugman, Rudy R. Wright. |
| 260 |
_aHoboken, N.J. : _bJohn Wiley & Sons, _c2007. |
||
| 300 |
_axxiii, 263 p. : _bill. ; _c25 cm. |
||
| 440 | 4 | _aThe Wiley event management series | |
| 504 | _aIncludes bibliographical references and index. | ||
| 505 | 0 | _aFundamentals of meetings, conventions, and exhibitions -- Decision factors -- Destination assessment -- Organizing and hosting international events -- Managing currency and finances -- Program planning and development -- Cultural consideration -- Marketing the event -- International contracts and legalities -- Implementing the meeting plan -- Exhibiting abroad -- On-site operations -- Preparing for travel abroad -- Safety and security -- Event technology. | |
| 521 | _aBSBA | ||
| 650 | 0 |
_aCongresses and conventions _xPlanning _vHandbooks, manuals, etc. |
|
| 650 | 0 |
_aMeetings _xPlanning _vHandbooks, manuals, etc. |
|
| 650 | 0 |
_aExhibitions _xPlanning _vHandbooks, manuals, etc. |
|
| 650 | 0 |
_aInternational relations _vMiscellanea. |
|
| 700 | 1 | _aWright, Rudy R. | |
| 856 | 4 | 1 |
_3Table of contents only _uhttp://www.loc.gov/catdir/toc/ecip0611/2006010268.html |
| 856 | 4 | 2 |
_3Contributor biographical information _uhttp://www.loc.gov/catdir/enhancements/fy0740/2006010268-b.html |
| 856 | 4 | 2 |
_3Publisher description _uhttp://www.loc.gov/catdir/enhancements/fy0740/2006010268-d.html |
| 906 |
_a7 _bcbc _corignew _d1 _eecip _f20 _gy-gencatlg |
||
| 942 |
_2lcc _cBK _kFOR |
||
| 999 |
_c15717 _d15717 |
||